00562njm a2200157 i 4500001001100000003000500011005001700016008004100033040002500074245006400099264007000163336002100233337002500254338002300279500010200302C2-0229328PPAK20180729152208.0000928s1998 my |||| ||||| | may d aPPAKbengcPPAKerda00aHaji Mohamed Sheriff b. Osman (Menteri Besar Kedah Pertama) 1aAlor Setar, Kedah : bPerbadanan Perpustakaan Awam Kedah , c1998 2rdacontentatext 2rdamediaaunmediated 2rdacarrieravolume aDirakamkan pada 08/08/1998 ; Rakaman Diskusi Majlis Pesara Dalam Kenangan ; Mempunyai transkripsi